| 000 | 00404nam a2200133Ia 4500 | ||
|---|---|---|---|
| 008 | 171212s9999 xx 000 0 und d | ||
| 020 | _a9781911576341 | ||
| 100 | _aFung, Dilly | ||
| 245 |
_cFung, Dilly _aConnected Curriculum for Higher Education |
||
| 260 |
_bUCL Press _c2017 |
||
| 440 | _aSpotlights | ||
| 650 | _aArchitecture & Architectural History | ||
| 856 | _uhttp://jstor.org/stable/j.ctt1qnw8nf | ||
| 999 |
_c352855 _d352855 |
||